Представление документа в формате RUSMARC

ПолеНазваниеЗначение
  Тип записи c
  Библиографический уровень m
001 Контрольный номер UONB/MAIN/4bce298055d04bedbe9f434722aa57b0
005 Дата корректировки 20240717145941.9
010 Индекс ISBN __
9 Тираж 59320 экз.
013 Номер (ISMN) __
d Цена 28 к.
100 Данные общей обработки __
a Данные общей обработки 20240324d1971 u y0rusy0189 ca
101 Язык документа 0_
a Язык текста rus
f Язык титульного листа rus
102 Страна публикации __
a Страна публикации RU
125 Кодированные данные звукозаписи и нотных изданий __
a Форма изложения нотного текста m
128 Кодированные данные (звукозаписи-физические характеристики) __
a Кодированные данные: Музыкальная форма и тональность или лад
b Инструменты или голоса, необходимые для ансамблей (устаревшее) cu
c Инструменты или голоса, рекомендуемые для солистов (устаревшее) vu
200 Заглавие и сведения об ответственности 1_
a Заглавие Родина слышит
e Сведения, относящиеся к заглавию сборник песен
e Сведения, относящиеся к заглавию [в сопровождении баяна и без сопровождения]
f Первые сведения об ответственности составитель А. Абрамов
203 Вид содержания и тип средства __
a Вид содержания Музыка
b Характеристика содержания знаковая
c Тип средства непосредственная
210 Выходные данные 1_
a Место издания Москва
c Издательство Советская Россия
d Дата издания 1971
215 Физическое описание __
a Объем 143 с.
d Формат 21 см
225 Серия 2_
a Серия Библиотечка в помощь художественной самодеятельности
v Обозначение тома № 4
327 Примечание о содержании 11
a Примечание о содержании Содержание : Шостакович Д. Родина слышит / сл. Е. Долматовского. - Хренников Т. Прощание / сл. Ф. Кравченко. - Дунаевский И. Моя Москва / сл. М. Лисянского. - Лепин А. Два друга / сл. В. Лебедева-Кумача. - Блантер М. Под звездами балканскими / сл. М. Исаковского. - Островский А. Сторонка родная / сл. С. Михалкова. - Колмановский Э. Я вернусь к тебе, Россия / сл. Л. Ошанина ; Коммунары не будут рабами / сл. Е. Евтушенко. - Эшпай А. Песня о дружбе / сл. В. Карпенко и Г. Регистана. - Петров А. Голубые города / сл. Л. Куклина. - Фаттах А. Хороши вечера на Оби / сл. В. Семернина. - Туликов С. Ты, Россия моя / сл. С. Острового. - Пахмутова А. Утро ровесников / сл. С. Гребенникова и Н. Добронравова. - Аедоницкий П. Мне дарила Россия / сл. И. Шаферана. - Фельцман О. Парижская мелодия / сл. В. Лазарева ; Старина Урал / сл. Р. Рождественского. - Галицкий И. Родина - жизнь / сл. М. Владимова. - Мануков Р. Мой верный товарищ / сл. А. Фатьянова. - Портнов Г. Дорога отцов / сл. В. Суслова. - Гурьев Ю. Колыбельная Родине / сл. В. Семернина. - Абрамов А. Волга моя Воложка / сл. Р. Плаксина. - Майоров Р. Отчий дом / сл. Н. Олева. - Султанова А. Песня о России / сл. Г. Регистана. - Букин В. Работа - продолжение мечты / сл. В. Лазарева. - Комальков Ю. Помни / сл. Г. Регистана. - Френкель Я. Письмо учительнице / сл. М. Танича. - Бинкин З. Это край мой родной / сл. Б. Гайковича. - Дмитриев В. Что такое счастье? / сл. А. Ольгина. - Флярковский А. В дорогу! В дорогу! / сл. Н. Олева. - Корнев В. Крутой маршрут / сл. В. Петрова. - Брук Ф. Русский дождь / сл. Л. Лучкина. - Махлянкин В. Торжок - сл. Е. Синицина. - Кац С. Лесной комфорт / сл. Л. Куксо. - Агафонов О. Где льны шумят голубоглазые / сл. Ю. Леднева. - Птичкин Е. Весны / сл. Л. Куксо. - Звонарев О. Сельский клуб / сл. В. Семернина. - Богословский Н. Скажите, лебеди / сл. М. Андронова и Н. Кончаловской. - Мотов В. Пели две подруги / сл. М. Исаковского. - Подэльский Г. Колыбельная / сл. Н. Ольгина. - Соловьев В. Солдатская лирическая / сл. В. Урина.
464 Аналитический уровень _0
1 700 1
a Шостакович
b Д.
1 702 1
a Долматовский
b Е.
4 520
1 2001
a Родина слышит
464 Аналитический уровень _0
1 700 1
a Хренников
b Т.
1 702 1
a Кравченко
b Ф.
4 520
1 2001
a Прощание
1 036
t Иди, любимый мой, родной!
464 Аналитический уровень _0
1 700 1
a Дунаевский
b И.
1 702 1
a Лисянский
b М.
4 520
1 2001
a Моя Москва
1 036
t Я по свету немало хаживал...
464 Аналитический уровень _0
1 700 1
a Лепин
b А.
1 702 1
a Лебедев-Кумач
b В.
4 520
1 2001
a Два друга
1 036
t Дрались по-гвардейски, по русски...
464 Аналитический уровень _0
1 700 1
a Блантер
b М.
1 702 1
a Исаковский
b М.
4 520
1 2001
a Под звездами балканскими
1 036
t Где ж вы, где ж вы, очи карие...
464 Аналитический уровень _0
1 700 1
a Островский
b А.
1 702 1
a Михалков
b С.
4 520
1 2001
a Сторонка родная
1 036
t С неразлучным своим автоматом...
464 Аналитический уровень _0
1 700 1
a Колмановский
b Э.
1 702 1
a Ошанин
b Л.
4 520
1 2001
a Я вернусь к тебе, Россия
1 036
t Этих слов забывать вы не смейте...
464 Аналитический уровень _0
1 700 1
a Колмановский
b Э.
1 702 1
a Евтушенко
b Е.
4 520
1 2001
a Коммунары не будут рабами
1 036
t Просыпавшийся мир свиристел, шелестел...
464 Аналитический уровень _0
1 700 1
a Эшпай
b А.
1 702 1
a Карпенко
b В.
4 520
1 702 1
a Регистан
b Г.
4 520
1 2001
a Песня о дружбе
1 036
t У нас в порту дымят спокойно корабли...
464 Аналитический уровень _0
1 700 1
a Петров
b А.
1 702 1
a Куклин
b Л.
4 520
1 2001
a Голубые города
1 036
t Города, где я бывал...
464 Аналитический уровень _0
1 700 1
a Фаттах
b А.
1 702 1
a Семернин
b В.
4 520
1 2001
a Хороши вечера на Оби
464 Аналитический уровень _0
1 700 1
a Туликов
b С.
1 702 1
a Островой
b С.
4 520
1 2001
a Ты, Россия моя
1 036
t Мать-Россия моя...
464 Аналитический уровень _0
1 700 1
a Пахмутова
b А.
1 702 1
a Гребенников
b С.
4 520
1 702 1
a Добронравов
b Н.
4 520
1 2001
a Утро ровесников
1 036
t Нас торопит в дорогу рассвет...
464 Аналитический уровень _0
1 700 1
a Аедоницкий
b П.
1 702 1
a Шаферан
b И.
4 520
1 2001
a Мне дарила Россия
464 Аналитический уровень _0
1 700 1
a Фельцман
b О.
1 702 1
a Лазарев
b В.
4 520
1 2001
a Парижская мелодия
e рассказ французского рабочего
1 036
t Шел человек...
464 Аналитический уровень _0
1 700 1
a Фельцман
b О.
1 702 1
a Рождественский
b Р.
4 520
1 2001
a Старина Урал
1 036
t Человек самоцветы горстями брал...
464 Аналитический уровень _0
1 700 1
a Галицкий
b И.
1 702 1
a Владимов
b М.
4 520
1 2001
a Родина - жизнь
1 036
t Нам всех других милей земля...
464 Аналитический уровень _0
1 700 1
a Мануков
b Р.
1 702 1
a Фатьянов
b А.
4 520
1 2001
a Мой верный товарищ
464 Аналитический уровень _0
1 700 1
a Портнов
b Г.
1 702 1
a Суслов
b В.
4 520
1 2001
a Дорога отцов
1 036
t У отцов на висках седина...
464 Аналитический уровень _0
1 700 1
a Гурьев
b Ю.
1 702 1
a Семернин
b В.
4 520
1 2001
a Колыбельная Родине
1 036
t Засыпает большая-большая страна...
464 Аналитический уровень _0
1 700 1
a Абрамов
b А.
1 702 1
a Плаксин
b Р.
4 520
1 2001
a Волга моя Воложка
1 036
t Волга моя вечная...
464 Аналитический уровень _0
1 700 1
a Майоров
b Р.
1 702 1
a Олев
b Н.
4 520
1 2001
a Отчий дом
e Есть на земле земля...
464 Аналитический уровень _0
1 700 1
a Султанова
b А.
1 702 1
a Регистан
b Г.
4 520
1 2001
a Песня о России
1 036
t Гром ракет, города...
464 Аналитический уровень _0
1 700 1
a Букин
b В.
1 702 1
a Лазарев
b В.
4 520
1 2001
a Работа - продолжение мечты
464 Аналитический уровень _0
1 700 1
a Комальков
b Ю.
1 702 1
a Регистан
b Г.
4 520
1 2001
a Помни
1 036
t Льются песни иволги...
464 Аналитический уровень _0
1 700 1
a Френкель
b Я.
1 702 1
a Танич
b М.
4 520
1 2001
a Письмо учительнице
1 036
t Анна Константиновна...
464 Аналитический уровень _0
1 700 1
a Бинкин
b з
1 702 1
a Гайкович
b Б.
4 520
1 2001
a Это край мой родной
1 036
t Голубые паводки рек...
464 Аналитический уровень _0
1 700 1
a Дмитриев
b В.
1 702 1
a Ольгин
b А.
4 520
1 2001
a Что такое счастье?
464 Аналитический уровень _0
1 700 1
a Флярковский
b А.
1 702 1
a Олев
b Н.
4 520
1 2001
a В дорогу! В дорогу!
1 036
t Ходит ходуном планета...
464 Аналитический уровень _0
1 700 1
a Корнев
b В.
1 702 1
a Петров
b В.
4 520
1 2001
a Крутой маршрут
1 036
t У рыбаков крутой маршрут...
464 Аналитический уровень _0
1 700 1
a Брук
b Ф.
1 702 1
a Лучкин
b Л.
4 520
1 2001
a Русский дождь
1 036
t Дождь, дождь, над равниной русской...
464 Аналитический уровень _0
1 700 1
a Махлянкин
b В.
1 702 1
a Синицин
b Е.
4 520
1 2001
a Торжок
1 036
t Не видал ты города Торжка...
464 Аналитический уровень _0
1 700 1
a Кац
b С.
1 702 1
a Куксо
b Л.
4 520
1 2001
a Лесной комфорт
e Веселый костер мы над речкой зажгли...
464 Аналитический уровень _0
1 700 1
a Агафонов
b О.
1 702 1
a Леднев
b Ю.
4 520
1 2001
a Где льны шумят голубоглазые
464 Аналитический уровень _0
1 700 1
a Птичкин
b Е.
1 702 1
a Куксо
b Л.
4 520
1 2001
a Весны
1 036
t Звезды, звезды, как без вас идти?..
464 Аналитический уровень _0
1 700 1
a Звонарев
b О.
1 702 1
a Семернин
b В.
4 520
1 2001
a Сельский клуб
1 036
t Сельский клуб посредине села...
464 Аналитический уровень _0
1 700 1
a Богословский
b Н.
1 702 1
a Андронов
b М.
4 520
1 702 1
a Кончаловская
b Н.
4 520
1 2001
a Скажите, лебеди
464 Аналитический уровень _0
1 700 1
a Мотов
b В.
1 702 1
a Исаковский
b М.
4 520
1 2001
a Пели две подруги
464 Аналитический уровень _0
1 700 1
a Подэльский
b Г.
1 702 1
a Ольгин
b Н.
4 520
1 2001
a Колыбельная
1 036
t Ходит-бродит тишина...
464 Аналитический уровень _0
1 700 1
a Соловьев
b В.
1 702 1
a Урин
b В.
4 520
1 2001
a Солдатская лирическая
1 036
t Далеко мой милый служит...
512 Заглавие обложки 1_
a Заглавие обложки Родина слышит
606 Тематические рубрики 0_
a Основная рубрика Песни советских композиторов
x Основная подрубрика Песни о Родине
x Основная подрубрика Лирические песни
610 Ключевые слова 0_
a Ключевые слова песни советских композиторов; песни о Родине; лирические песни
686 Индексы других классификаций __
a Классификационный индекс 85.94я436
2 Код системы rubbk
702 Вторичная интеллектуальная ответственность _1
a Фамилия Абрамов
b Имя (инициалы) А.
4 Код отношения 220
801 Источник записи _0
a Страна RU
b Организация Ульяновская ОНБ
c Дата составления 20240324
g Правила каталогизации RCR
801 Источник записи _1
a Страна RU
b Организация Ульяновская ОНБ
c Дата составления 20240324
g Правила каталогизации RCR
901 Тип документа __
t Тип документа m
909 Создатель записи __
a Создатель записи Никитина Т. А.
b Дата создания записи 20240327